| 000 | 00472cam a2200193ua 4500 | ||
|---|---|---|---|
| 001 | 3077 | ||
| 008 | 150218n ii |||gr||||Z||||||asm | ||
| 040 | _cMAIN | ||
| 041 | _aasm | ||
| 082 | _a891.4513 | ||
| 100 |
_aMahanta, Lakshmi Kanta, _eAuthor. |
||
| 245 |
_aJivan Kiyono lage _cby Lakshmi Kanta Mahanta |
||
| 250 | _a1st. | ||
| 260 |
_aDibrugarh: _bBanalata,990. |
||
| 300 |
_a387p: _c23cm. |
||
| 653 | _aAssamese novel | ||
| 653 | _aJivan Kiyono lage | ||
| 942 | _cBK | ||
| 999 |
_c2923 _d2923 |
||